[Event "XX C.to Mondiale Seniores"]
[Site "Arco ITA"]
[Date "2010.10.30"]
[Round "5"]
[White "Diehl, Klaus"]
[Black "Rucka, Alois"]
[WhiteElo "2103"]
[BlackElo "1886"]
[Result "0-1"]
[PlyCount "54"]
[EventDate "2010.10.26"]

1. Nf3 d5 2. d4 Nf6 3. Bf4 e6 4. e3 Bd6 5. Bg3 Ne4 6. Bd3 Nd7 7. Bxe4 Bxg3 8.
hxg3 dxe4 9. Nfd2 Nf6 10. Nc3 b6 11. Ndxe4 Bb7 12. Qd3 Nxe4 13. Nxe4 f5 14. Nd2
Bxg2 15. Rh2 Bb7 16. O-O-O Qf6 17. Qb5+ c6 18. Qe2 O-O-O 19. Nb3 g5 20. Nd2 g4
21. f3 h5 22. Qf2 Qg7 23. Rdh1 c5 24. Rxh5 cxd4 25. exd4 Rxh5 26. Rxh5 Rxd4 27.
Kb1 Bxf3 0-1

[Event "XX C.to Mondiale Seniores"]
[Site "Arco ITA"]
[Date "2010.10.30"]
[Round "5"]
[White "Dietzsch, Herbert"]
[Black "Vogel, Jaap"]
[WhiteElo "2121"]
[BlackElo "2197"]
[Result "1/2-1/2"]
[PlyCount "57"]
[EventDate "2010.10.26"]

1. e4 e6 2. d4 d5 3. Nc3 Bb4 4. e5 b6 5. Qg4 Bf8 6. Bf4 Qd7 7. Bd3 Ba6 8. Qe2
Bxd3 9. Qxd3 c5 10. Nf3 Nc6 11. a3 Nge7 12. Ne2 Nf5 13. c3 Be7 14. Ng3 Nh4 15.
Nxh4 Bxh4 16. Nh5 g6 17. Nf6+ Bxf6 18. exf6 c4 19. Qe2 h5 20. h4 O-O-O 21. O-O
Kb7 22. a4 Rhe8 23. Rfe1 Na5 24. Ra3 Rc8 25. Qf3 Nb3 26. Qe2 Qd8 27. Be5 Na5
28. Qe3 Nc6 29. Qe2 1/2-1/2

[Event "XX C.to Mondiale Seniores"]
[Site "Arco ITA"]
[Date "2010.10.30"]
[Round "5"]
[White "Elfert, Aleksandr V."]
[Black "Roth, Karlheinz"]
[WhiteElo "2022"]
[BlackElo "1807"]
[Result "0-1"]
[PlyCount "135"]
[EventDate "2010.10.26"]

1. e4 c5 2. Nf3 d6 3. d4 cxd4 4. Nxd4 Nf6 5. Nc3 a6 6. Be3 Nc6 7. Be2 Bd7 8.
O-O Rc8 9. Kh1 Nxd4 10. Bxd4 e5 11. Be3 Bc6 12. f3 Be7 13. a4 O-O 14. a5 Qd7
15. Nd5 Nxd5 16. exd5 Bb5 17. b3 Bxe2 18. Qxe2 Bf6 19. Ra4 Qc7 20. c4 Qd7 21.
Ra2 Rfe8 22. g4 h6 23. Qg2 Qe7 24. Ra4 Bg5 25. Bg1 Bf4 26. Rb4 Rc7 27. Rb6 e4
28. fxe4 Qxe4 29. c5 dxc5 30. d6 Rd7 31. Bxc5 Qxg2+ 32. Kxg2 g5 33. h4 Re5 34.
b4 Rd5 35. hxg5 hxg5 36. Rxf4 gxf4 37. Kf3 Kg7 38. Ke4 Rd1 39. Kxf4 Kg6 40. Kf3
Kf6 41. Kf4 Rd5 42. Ke4 Ke6 43. Kf4 f6 44. Ke4 Rd1 45. Kf4 Re1 46. Kf3 Ke5 47.
Bf2 Rd1 48. Ke2 Rd5 49. Kf3 Ke6 50. Bc5 Ke5 51. Ke3 Rd1 52. Ke2 Rh1 53. Kf3
Rh3+ 54. Kf2 Ke4 55. Kg2 Rd3 56. Kf2 Kf4 57. b5 axb5 58. Rxb5 Kxg4 59. Ke2 Rd5
60. Rb4+ Kf5 61. Rc4 Ke6 62. Bb4 Rb5 63. Kf3 Rxd6 64. Bxd6 Kxd6 65. Ra4 f5 66.
a6 bxa6 67. Rxa6+ Ke5 68. Ra3 0-1

[Event "XX C.to Mondiale Seniores"]
[Site "Arco ITA"]
[Date "2010.10.30"]
[Round "5"]
[White "Farago, Ivan"]
[Black "Jacobsen, Bo"]
[WhiteElo "2420"]
[BlackElo "2317"]
[Result "1/2-1/2"]
[PlyCount "117"]
[EventDate "2010.10.26"]

1. d4 Nf6 2. c4 g6 3. Nc3 Bg7 4. e4 O-O 5. Nf3 d6 6. Be2 Bg4 7. Be3 Nfd7 8. Qd2
a6 9. O-O Nc6 10. d5 Nce5 11. Nxe5 Nxe5 12. f3 Bc8 13. f4 Nd7 14. Bd4 Bxd4+ 15.
Qxd4 c6 16. e5 Qb6 17. Qxb6 Nxb6 18. exd6 exd6 19. dxc6 bxc6 20. Rfd1 d5 21.
cxd5 Nxd5 22. Nxd5 cxd5 23. Rxd5 Re8 24. Bf1 Kg7 25. Rc1 a5 26. a4 Re4 27. Rd8
Bb7 28. Rxa8 Bxa8 29. Rc4 Re1 30. Kf2 Ra1 31. Rc7 Bd5 32. Rc5 Be6 33. Rxa5 Ra2
34. Rb5 Rxa4 35. g3 Bc4 36. Bxc4 Rxc4 37. Re5 h5 38. b3 Rb4 39. Re3 h4 40. Ke2
Kf6 41. Kd2 Kf5 42. Kc3 Rb7 43. b4 Kg4 44. gxh4 Kxf4 45. Rg3 Rc7+ 46. Kb2 Re7
47. Rg2 Kf3 48. Rg3+ Kf4 49. Rg1 Re2+ 50. Kc3 Rxh2 51. Rf1+ Kg4 52. Rxf7 Rxh4
53. b5 Rh1 54. Rf2 Kg3 55. Rb2 g5 56. b6 Rh8 57. b7 Rb8 58. Kd4 g4 59. Kd5
1/2-1/2

[Event "XX C.to Mondiale Seniores"]
[Site "Arco ITA"]
[Date "2010.10.30"]
[Round "5"]
[White "Fereday, Andrew"]
[Black "Esbensen, Hans Fredrik"]
[WhiteElo "1921"]
[BlackElo "1730"]
[Result "1-0"]
[PlyCount "73"]
[EventDate "2010.10.26"]

1. d4 Nf6 2. c4 g6 3. Nf3 Bg7 4. g3 d6 5. Bg2 O-O 6. Nc3 c6 7. e4 Nbd7 8. O-O
e5 9. d5 Ne8 10. Bg5 Ndf6 11. Qd2 Bd7 12. Rad1 Qc7 13. h3 Rc8 14. Rc1 Qb8 15.
Nh2 Nh5 16. Be7 Kh8 17. Bxf8 Bxf8 18. Ng4 Bxg4 19. hxg4 Nhf6 20. Bf3 Rc7 21.
Kg2 Qc8 22. Qe2 cxd5 23. cxd5 Rc4 24. Rh1 b5 25. a3 b4 26. Na2 Rxc1 27. Rxc1
Qd8 28. Nxb4 Nd7 29. Nc6 Qb6 30. b4 Nc7 31. Qc4 Nb5 32. a4 Nd4 33. Nxd4 exd4
34. a5 Qb7 35. Qc6 Qxb4 36. Qxd7 Qxa5 37. Rc8 1-0

[Event "XX C.to Mondiale Seniores"]
[Site "Arco ITA"]
[Date "2010.10.30"]
[Round "5"]
[White "Filipenko, Alexander V."]
[Black "Dydyshko, Viacheslav"]
[WhiteElo "2327"]
[BlackElo "2547"]
[Result "0-1"]
[PlyCount "102"]
[EventDate "2010.10.26"]

1. e4 c5 2. Nf3 d6 3. d4 cxd4 4. Nxd4 Nf6 5. Nc3 a6 6. Be3 e5 7. Nf3 Qc7 8. a4
Be7 9. a5 Be6 10. Nd5 Nxd5 11. exd5 Bg4 12. Bb6 Bxf3 13. gxf3 Qd7 14. h4 O-O
15. c3 Bd8 16. Be3 f5 17. f4 Bf6 18. fxe5 Bxe5 19. Qa4 Qe7 20. O-O-O Nd7 21.
Bh3 g6 22. Rde1 Qg7 23. f4 Bf6 24. h5 Qf7 25. hxg6 hxg6 26. Reg1 Bg7 27. Rg3
Rfe8 28. Rhg1 Nf8 29. Qc2 Re4 30. Bg2 Re7 31. Bf1 Rae8 32. Qd3 Bh6 33. Bd2 Re4
34. Rf3 R8e7 35. Rh1 Bg7 36. Rf2 Nd7 37. Qc2 Qxd5 38. Bg2 Nc5 39. Kb1 Qc4 40.
Bxe4 fxe4 41. Rg2 Nb3 42. Be3 Qa4 43. Qd1 Bxc3 44. Qd5+ Kf8 45. Bc1 Bg7 46.
Qxd6 Qa1+ 47. Kc2 Nd4+ 48. Kd1 e3 49. Rhh2 Qa4+ 50. Ke1 Nf3+ 51. Kf1 Qc4+ 0-1

[Event "XX C.to Mondiale Seniores"]
[Site "Arco ITA"]
[Date "2010.10.30"]
[Round "5"]
[White "Gardi, Giuseppe"]
[Black "Lang, Ferdinand"]
[WhiteElo "2032"]
[BlackElo "2161"]
[Result "1-0"]
[PlyCount "65"]
[EventDate "2010.10.26"]

1. d4 Nf6 2. Nf3 g6 3. Nc3 Bg7 4. e4 d6 5. Be3 O-O 6. Qd2 Nbd7 7. Bd3 c5 8. h3
Rb8 9. a4 b6 10. O-O cxd4 11. Nxd4 Bb7 12. Bh6 Nc5 13. Bxg7 Kxg7 14. Rfe1 Nxd3
15. cxd3 Qd7 16. Qg5 h6 17. Qe3 e5 18. Nde2 Rfe8 19. f3 d5 20. d4 dxe4 21. dxe5
Rxe5 22. f4 Ree8 23. Rad1 Qc6 24. Rd4 Rbd8 25. Red1 Rxd4 26. Rxd4 Qe6 27. Ng3
Qb3 28. Rd2 Bc6 29. f5 g5 30. Qd4 e3 31. Nh5+ Kf8 32. Qd6+ Re7 33. Qxf6 1-0

[Event "XX C.to Mondiale Seniores"]
[Site "Arco ITA"]
[Date "2010.10.30"]
[Round "5"]
[White "Garvani, Vittorio"]
[Black "Hlinschi, Mihai"]
[WhiteElo "1940"]
[BlackElo "1776"]
[Result "1-0"]
[PlyCount "75"]
[EventDate "2010.10.26"]

1. d4 d5 2. c4 e6 3. Nc3 Nf6 4. Bg5 Be7 5. e3 Nbd7 6. Nf3 O-O 7. Rc1 c6 8. Bd3
Re8 9. O-O h6 10. Bh4 Nf8 11. Ne5 N6d7 12. Bxe7 Qxe7 13. f4 f5 14. Be2 Nxe5 15.
fxe5 g6 16. Qe1 Kh7 17. cxd5 exd5 18. Bd3 Kg7 19. Qg3 Qg5 20. Qxg5 hxg5 21. b4
a6 22. a4 Bd7 23. Ra1 Ne6 24. Ne2 Nc7 25. g4 Rf8 26. Rac1 fxg4 27. Ng3 Rf3 28.
Rxf3 gxf3 29. Kf2 g4 30. Nf1 Bf5 31. Bb1 Bxb1 32. Rxb1 Kh6 33. Nd2 Kg5 34. Rg1
Kf5 35. h3 gxh3 36. Nxf3 Rh8 37. Rg5+ Ke4 38. Ke2 1-0

[Event "XX C.to Mondiale Seniores"]
[Site "Arco ITA"]
[Date "2010.10.30"]
[Round "5"]
[White "Gruzmann, Boris"]
[Black "Suba, Mihai"]
[WhiteElo "2236"]
[BlackElo "2464"]
[Result "0-1"]
[PlyCount "166"]
[EventDate "2010.10.26"]

1. e4 c5 2. Nf3 d6 3. d4 Nf6 4. Nc3 cxd4 5. Nxd4 e6 6. Be2 a6 7. a4 Qc7 8. O-O
Be7 9. f4 O-O 10. Kh1 b6 11. Bf3 Bb7 12. e5 dxe5 13. fxe5 Nfd7 14. Bxb7 Qxb7
15. Bf4 Nc6 16. Qf3 Rfc8 17. Rad1 Nf8 18. Ne4 Ra7 19. Bg3 Nd8 20. Qe2 Ng6 21.
h4 Nc6 22. Nd6 Bxd6 23. exd6 Nf8 24. c3 Qd7 25. Nf3 f6 26. Bf2 Rb8 27. b4 Raa8
28. h5 h6 29. Be3 Nd8 30. Qa2 Nf7 31. Nh4 b5 32. a5 Rc8 33. Bc5 Rc6 34. Rfe1
Re8 35. Qb3 Kh8 36. Nf5 Rec8 37. Nd4 Ne5 38. Nxc6 Rxc6 39. Qc2 Qe8 40. Qe2 Ned7
41. Rd5 Qc8 42. Rd3 Nxc5 43. bxc5 Rxc5 44. Qd1 Qd7 45. Qf3 Rf5 46. Qa8 Rxh5+
47. Kg1 Kg8 48. Qxa6 e5 49. Qa8 Rh4 50. Ra1 Qf5 51. Qd5+ Kh7 52. d7 Ne6 53. Qf3
Qg5 54. Re1 Qg6 55. d8=Q Nxd8 56. Rxd8 e4 57. Qd1 Qg3 58. Qd2 Qh2+ 59. Kf1 Rf4+
60. Ke2 Qh5+ 61. Ke3 Qg5 62. Ke2 Qg4+ 63. Ke3 Qg3+ 64. Ke2 Rf2+ 65. Kd1 Rxd2+
66. Rxd2 Qxc3 67. Rxe4 Qxa5 68. Re7 Qb6 69. Ke2 Qc6 70. Kd1 Qc5 71. Ree2 b4 72.
Rc2 Qg1+ 73. Kd2 b3 74. Rb2 Qd4+ 75. Ke1 Qd3 76. Kf2 Qd4+ 77. Ke1 Qc3+ 78. Kf2
h5 79. Rb1 Qd4+ 80. Kf1 Qd3 81. Rbb2 h4 82. Kf2 Qc3 83. Rb1 Qc5+ 0-1

[Event "XX C.to Mondiale Seniores"]
[Site "Arco ITA"]
[Date "2010.10.30"]
[Round "5"]
[White "Hammar, Bengt"]
[Black "Cebalo, Miso"]
[WhiteElo "2240"]
[BlackElo "2493"]
[Result "1/2-1/2"]
[PlyCount "126"]
[EventDate "2010.10.26"]

1. e4 c5 2. Nf3 d6 3. d4 cxd4 4. Nxd4 Nf6 5. Nc3 g6 6. Be2 Bg7 7. O-O O-O 8.
Bg5 Nc6 9. Nb3 a6 10. f4 b5 11. a3 Be6 12. Kh1 Rc8 13. Bf3 Qb6 14. Nd5 Bxd5 15.
exd5 Na5 16. Nxa5 Qxa5 17. c3 Qb6 18. Re1 Rc7 19. Re2 a5 20. Qb3 Rb8 21. Rae1
Kf8 22. Bh4 Qc5 23. Rd2 b4 24. cxb4 axb4 25. a4 Ra8 26. Bf2 Qc4 27. Qxc4 Rxc4
28. g3 Nd7 29. Be2 Rc7 30. Bb5 Nc5 31. Bc6 Rb8 32. Bxc5 dxc5 33. Re4 Bd4 34. b3
e6 35. Rc2 Bc3 36. Rc4 exd5 37. Bxd5 Rd8 38. Bf3 Rd3 39. Kg2 Ke8 40. Re4+ Kf8
41. Be2 Rd4 42. Kf3 Rd6 43. Bc4 Rd1 44. Rce2 Bf6 45. Re8+ Kg7 46. a5 Ra1 47. a6
Ra7 48. Rc8 R1xa6 49. Bxa6 Rxa6 50. Rxc5 Ra3 51. Rb5 Rxb3+ 52. Re3 Rb2 53. h4
h5 54. Rb7 Rc2 55. Rxb4 Rc3 56. Rxc3 Bxc3 57. Rb3 Bd4 58. Ke4 Ba1 59. Kd5 Bf6
60. Kd6 Bd4 61. Ke7 f5 62. Ke6 Ba1 63. Rb7+ Kg8 1/2-1/2

[Event "XX C.to Mondiale Seniores"]
[Site "Arco ITA"]
[Date "2010.10.30"]
[Round "5"]
[White "Haubt, Georg"]
[Black "Shvedchikov, Anatoli I."]
[WhiteElo "2224"]
[BlackElo "2421"]
[Result "0-1"]
[PlyCount "67"]
[EventDate "2010.10.26"]

1. d4 d5 2. Nc3 Nf6 3. Bg5 c5 4. Bxf6 gxf6 5. e4 dxe4 6. dxc5 f5 7. Qxd8+ Kxd8
8. O-O-O+ Bd7 9. f3 exf3 10. Nxf3 Bg7 11. Nd4 e6 12. Bb5 a6 13. Bxd7 Nxd7 14.
Na4 Kc7 15. Rhf1 Rhg8 16. Kb1 Rad8 17. Nf3 Bf8 18. g3 Nxc5 19. Rxd8 Kxd8 20.
Nb6 Bg7 21. Re1 Bf6 22. Nc4 Ke7 23. c3 h5 24. Nfd2 h4 25. Ne3 Kf8 26. gxh4 Bxh4
27. Re2 Rg1+ 28. Kc2 Bf6 29. Nec4 Ke7 30. Ne3 Kd7 31. Nec4 b5 32. Nf3 Rg7 33.
Rd2+ Ke7 34. Nce5 0-1

[Event "XX C.to Mondiale Seniores"]
[Site "Arco ITA"]
[Date "2010.10.30"]
[Round "5"]
[White "Henrichsen, Erland"]
[Black "Welz, Peter"]
[WhiteElo "2012"]
[BlackElo "2156"]
[Result "0-1"]
[PlyCount "80"]
[EventDate "2010.10.26"]

1. d4 f5 2. d5 g6 3. g3 Bg7 4. Bg2 Nf6 5. c4 O-O 6. Nc3 d6 7. Nh3 Na6 8. Qc2
Nc5 9. O-O a5 10. Be3 Ng4 11. Bxc5 dxc5 12. Nf4 Bh8 13. Rad1 Rb8 14. Qd2 Qd6
15. Nb5 Qb6 16. Nc3 Rd8 17. Na4 Qa7 18. Nc3 Qa6 19. b3 Qf6 20. Nb5 e5 21. Nd3
c6 22. Na3 cxd5 23. cxd5 b6 24. f3 Ba6 25. Nf4 Nxh2 26. Kxh2 exf4 27. Kg1 Bg7
28. d6 Bf8 29. Nc4 fxg3 30. Qf4 b5 31. Qe5 Bg7 32. Qxf6 Bxf6 33. Nxa5 Bd4+ 34.
Kh1 f4 35. Rd3 Rxd6 36. Rfd1 g5 37. Bh3 Rh6 38. Kg2 g4 39. Bxg4 Rh2+ 40. Kf1
g2+ 0-1

[Event "XX C.to Mondiale Seniores"]
[Site "Arco ITA"]
[Date "2010.10.30"]
[Round "5"]
[White "Hocevar, Nikola"]
[Black "Trois, Francisco R.T."]
[WhiteElo "2081"]
[BlackElo "2309"]
[Result "0-1"]
[PlyCount "48"]
[EventDate "2010.10.26"]

1. d4 g6 2. Nf3 Bg7 3. e3 d6 4. c3 Nf6 5. Nbd2 O-O 6. Bd3 b6 7. O-O Bb7 8. e4
Nc6 9. Re1 Re8 10. Nf1 e5 11. d5 Nb8 12. Ng3 c6 13. c4 Nbd7 14. Bd2 Nc5 15. Bc2
a5 16. b3 b5 17. dxc6 Bxc6 18. cxb5 Bxb5 19. Bc3 a4 20. Qd2 Qc7 21. b4 Ne6 22.
Rac1 Ng4 23. Ng5 Nxg5 24. Qxg5 Bh6 0-1

[Event "XX C.to Mondiale Seniores"]
[Site "Arco ITA"]
[Date "2010.10.30"]
[Round "5"]
[White "Kaufman, Larry C."]
[Black "Grinberg, Iosif P."]
[WhiteElo "2413"]
[BlackElo "2217"]
[Result "1-0"]
[PlyCount "84"]
[EventDate "2010.10.26"]

1. e4 e5 2. Nf3 Nc6 3. Bb5 Nd4 4. Nxd4 exd4 5. O-O Bc5 6. d3 c6 7. Bc4 d6 8. f4
Qe7 9. Nd2 Be6 10. f5 Bxc4 11. Nxc4 f6 12. Bf4 O-O-O 13. Qd2 Nh6 14. b4 Bb6 15.
b5 Nf7 16. bxc6 bxc6 17. Nxb6+ axb6 18. Qb4 Qb7 19. Qxd4 Ne5 20. Rab1 Kc7 21.
Rb3 c5 22. Qb2 Nc6 23. Rb1 Rb8 24. c3 Qa6 25. d4 Rhe8 26. Qf2 Qd3 27. dxc5 bxc5
28. Rxb8 Rxb8 29. Rxb8 Qd1+ 30. Qf1 Qxf1+ 31. Kxf1 Nxb8 32. Ke2 Nc6 33. Kd3 Na5
34. g4 h6 35. h4 Kc6 36. c4 Nb7 37. g5 hxg5 38. hxg5 fxg5 39. Bxg5 Kd7 40. Bd2
Ke7 41. a4 Nd8 42. Bg5+ Kd7 1-0

[Event "XX C.to Mondiale Seniores"]
[Site "Arco ITA"]
[Date "2010.10.30"]
[Round "5"]
[White "Keserovic, Milan"]
[Black "Westerinen, Heikki M.J."]
[WhiteElo "2194"]
[BlackElo "2365"]
[Result "1/2-1/2"]
[PlyCount "68"]
[EventDate "2010.10.26"]

1. e4 e6 2. d4 d5 3. Nd2 c5 4. exd5 exd5 5. Ngf3 Nf6 6. Bb5+ Bd7 7. Qe2+ Qe7 8.
O-O Qxe2 9. Bxe2 c4 10. Re1 Be7 11. b3 b5 12. Ne5 Nc6 13. Nxc6 Bxc6 14. Bf3 Kd7
15. bxc4 bxc4 16. Nxc4 dxc4 17. Bxc6+ Kxc6 18. Rxe7 Rhe8 19. Rxe8 Rxe8 20. Kf1
Kd5 21. Be3 Rb8 22. Ke2 Rb2 23. Kd2 Ne4+ 24. Kc1 c3 25. a4 a5 26. f3 Nd6 27.
Ra3 Nc4 28. Rxc3 Ra2 29. Kd1 Rxa4 30. Ke2 Ra2 31. Kd3 Nb2+ 32. Ke2 Nc4 33. Kd3
Nb2+ 34. Ke2 Nc4 1/2-1/2

[Event "XX C.to Mondiale Seniores"]
[Site "Arco ITA"]
[Date "2010.10.30"]
[Round "5"]
[White "Kock, Hans-Uwe"]
[Black "Zoltek, Tadeusz"]
[WhiteElo "2101"]
[BlackElo "2194"]
[Result "1/2-1/2"]
[PlyCount "92"]
[EventDate "2010.10.26"]

1. d4 Nf6 2. c4 e6 3. Nf3 c5 4. d5 exd5 5. cxd5 Bd6 6. Nc3 O-O 7. g3 Re8 8. Bg2
a6 9. a4 Bc7 10. O-O d6 11. Nd2 Nbd7 12. h3 Rb8 13. Nde4 Nxe4 14. Nxe4 Nf8 15.
g4 b5 16. axb5 axb5 17. Bg5 f6 18. Bf4 Ng6 19. Bg3 Ne5 20. b3 f5 21. gxf5 Bxf5
22. f4 Nf7 23. Nf2 Re3 24. Bf3 c4 25. bxc4 bxc4 26. Kg2 Bb6 27. Ng4 Re8 28. Bf2
c3 29. Bxb6 Qxb6 30. Rc1 Qb4 31. Qe1 Rbc8 32. Nf2 Qd4 33. e4 Bd7 34. Qe2 Qf6
35. Qe3 c2 36. Bg4 Bxg4 37. Nxg4 Qg6 38. f5 Qg5 39. Rfe1 h5 40. Qxg5 Nxg5 41.
Nf2 Rc4 42. Kg3 Nxe4+ 43. Nxe4 Rexe4 44. Rxe4 Rxe4 45. Rxc2 Re5 46. Rc7 h4+
1/2-1/2

[Event "XX C.to Mondiale Seniores"]
[Site "Arco ITA"]
[Date "2010.10.30"]
[Round "5"]
[White "Kornath, Heinrich"]
[Black "Strekalovski, Viktor"]
[WhiteElo "1956"]
[BlackElo "2102"]
[Result "0-1"]
[PlyCount "86"]
[EventDate "2010.10.26"]

1. e4 c6 2. c4 d6 3. Nc3 e5 4. Nf3 Bg4 5. Be2 Nd7 6. d3 h6 7. h3 Bh5 8. O-O Be7
9. Be3 Bg6 10. Rb1 Ngf6 11. b4 O-O 12. Nh2 Re8 13. g4 Nh7 14. Nf3 Ng5 15. Kg2
Nxf3 16. Bxf3 Bh4 17. b5 Nc5 18. Ne2 Ne6 19. Qa4 c5 20. Kh2 Qf6 21. Bg2 h5 22.
Qd1 hxg4 23. hxg4 Bg5 24. Qd2 Bf4+ 25. Bxf4 Qh4+ 26. Bh3 exf4 27. Nxf4 Qg5 28.
Kg3 Qe5 29. Rh1 Bh7 30. Kf3 Ng5+ 31. Kg2 Bxe4+ 32. dxe4 Qxe4+ 33. Kg3 Qxb1 34.
Bg2 Ne4+ 35. Bxe4 Qxe4 36. Rh5 Qxc4 37. Rd5 Re4 38. Rxd6 Rd4 39. Rxd4 Qxd4 40.
Qe2 Qd6 41. Kf3 Rd8 42. Qe4 g5 43. Nh5 Qd3+ 0-1

[Event "XX C.to Mondiale Seniores"]
[Site "Arco ITA"]
[Date "2010.10.30"]
[Round "5"]
[White "Limberg, Siegfried"]
[Black "Rubinstein, Mark"]
[WhiteElo "2139"]
[BlackElo "2010"]
[Result "1/2-1/2"]
[PlyCount "107"]
[EventDate "2010.10.26"]

1. d4 d5 2. Nf3 Nf6 3. e3 e6 4. Bd3 Nbd7 5. Nbd2 Bd6 6. O-O c5 7. c3 b6 8. e4
dxe4 9. Nxe4 Nxe4 10. Bxe4 Rb8 11. Bg5 Qc7 12. Re1 h6 13. Bh4 g5 14. Bg3 Bxg3
15. hxg3 Nf6 16. Bc2 O-O 17. Qe2 Bb7 18. dxc5 Qxc5 19. Rad1 Rfd8 20. Ne5 Qe7
21. c4 Rxd1 22. Rxd1 Rd8 23. Rxd8+ Qxd8 24. Qd3 Qxd3 25. Bxd3 Ne4 26. b4 f6 27.
Nf3 e5 28. a3 Kf7 29. Kf1 Ke6 30. g4 Nd6 31. Nd2 e4 32. Be2 Ke5 33. Nb3 Bc6 34.
c5 bxc5 35. Nxc5 Nb5 36. a4 Nc3 37. b5 Be8 38. Ke1 Kd6 39. Nb3 Nxa4 40. Kd2 Ke5
41. Na5 Kd5 42. f3 exf3 43. Bxf3+ Kc5 44. Nb7+ Kb4 45. Bc6 Bf7 46. Nd6 Bc4 47.
Nc8 Bxb5 48. Nxa7 Bxc6 49. Nxc6+ Kc4 50. Ke3 Kc5 51. Nd4 Nb6 52. Nf5 Nc4+ 53.
Kf2 Ne5 54. Nxh6 1/2-1/2

[Event "XX C.to Mondiale Seniores"]
[Site "Arco ITA"]
[Date "2010.10.30"]
[Round "5"]
[White "Luebbers, Doris"]
[Black "Birkestrand, Odd"]
[WhiteElo "1607"]
[BlackElo "1913"]
[Result "1/2-1/2"]
[PlyCount "53"]
[EventDate "2010.10.26"]

1. d4 Nf6 2. Nf3 d5 3. e3 Bf5 4. Bd3 Bg4 5. Be2 Nbd7 6. b3 e6 7. O-O Bd6 8. Ba3
Qe7 9. Bxd6 Qxd6 10. Nbd2 O-O 11. c4 c6 12. Rc1 Rfe8 13. Re1 h6 14. Nf1 Rad8
15. Ng3 e5 16. dxe5 Nxe5 17. Nxe5 Bxe2 18. Rxe2 Qxe5 19. Qe1 h5 20. h3 g6 21.
Qc3 Qe6 22. Qe1 h4 23. Nf1 d4 24. Rd2 dxe3 25. Rxd8 exf2+ 26. Qxf2 Rxd8 27.
Qxh4 1/2-1/2

[Event "XX C.to Mondiale Seniores"]
[Site "Arco ITA"]
[Date "2010.10.30"]
[Round "5"]
[White "Mentink, Toon"]
[Black "Jenkins, Tom Ivar"]
[WhiteElo "1842"]
[BlackElo "1975"]
[Result "1-0"]
[PlyCount "61"]
[EventDate "2010.10.26"]

1. Nf3 Nf6 2. c4 c5 3. Nc3 Nc6 4. g3 e6 5. e4 d6 6. Bg2 a6 7. O-O Be7 8. d4
cxd4 9. Nxd4 e5 10. Nb3 O-O 11. Nd5 Nxd5 12. cxd5 Nb8 13. Be3 f5 14. exf5 Bxf5
15. Qd2 a5 16. Nc1 Nd7 17. Nd3 Rc8 18. Rac1 Rxc1 19. Rxc1 b6 20. a3 Bxd3 21.
Qxd3 Nc5 22. Qe2 Bg5 23. b4 axb4 24. axb4 Nb3 25. Rc6 Bxe3 26. fxe3 Qa8 27. h4
Qa1+ 28. Kh2 Ra8 29. Qg4 h6 30. Qe6+ Kh7 31. Be4+ 1-0

[Event "XX C.to Mondiale Seniores"]
[Site "Arco ITA"]
[Date "2010.10.30"]
[Round "5"]
[White "Muratoglu, Salih"]
[Black "Battaglia, Emanuele"]
[WhiteElo "2090"]
[BlackElo "1645"]
[Result "1-0"]
[PlyCount "85"]
[EventDate "2010.10.26"]

1. e4 c5 2. f4 d6 3. Nf3 Nf6 4. d3 e6 5. Be2 Be7 6. O-O O-O 7. h3 Nc6 8. Be3
Bd7 9. Nc3 a6 10. e5 dxe5 11. fxe5 Nd5 12. Bf2 Qc7 13. Nxd5 exd5 14. Bg3 Be6
15. c3 b5 16. d4 c4 17. a3 a5 18. Qd2 b4 19. Ng5 Bxg5 20. Qxg5 b3 21. Bh4 Rfe8
22. Qg3 Ne7 23. Bg4 Qd7 24. Bxe6 Qxe6 25. Rf6 Qc8 26. Raf1 Ng6 27. Rxf7 Rf8 28.
Qf3 Qe6 29. Rxf8+ Rxf8 30. Qh5 Rxf1+ 31. Kxf1 Nxh4 32. Qxh4 Qf5+ 33. Kg1 Qb1+
34. Kh2 Qxb2 35. Qd8+ Kf7 36. Qxd5+ Kg6 37. Qe6+ Kg5 38. Qg4+ Kh6 39. e6 Qf2
40. Qe4 b2 41. e7 Qf1 42. e8=Q b1=Q 43. Qh4# 1-0

[Event "XX C.to Mondiale Seniores"]
[Site "Arco ITA"]
[Date "2010.10.30"]
[Round "5"]
[White "Neumann, Horst"]
[Black "Biller, Helmut"]
[WhiteElo "1974"]
[BlackElo "2135"]
[Result "1/2-1/2"]
[PlyCount "37"]
[EventDate "2010.10.26"]

1. d4 Nf6 2. Nf3 e6 3. Bg5 d5 4. Nbd2 Be7 5. e3 h6 6. Bh4 b6 7. Ne5 Bb7 8. Bd3
O-O 9. O-O c5 10. c3 Nbd7 11. f4 Nxe5 12. fxe5 Nd7 13. Bxe7 Qxe7 14. Qg4 a5 15.
Rf3 Ba6 16. Bxa6 Rxa6 17. Raf1 f5 18. Qg6 Qf7 19. Qxf7+ 1/2-1/2

[Event "XX C.to Mondiale Seniores"]
[Site "Arco ITA"]
[Date "2010.10.30"]
[Round "5"]
[White "Nickl, Klaus"]
[Black "Chehlov, Aleksander"]
[WhiteElo "2145"]
[BlackElo "2259"]
[Result "0-1"]
[PlyCount "110"]
[EventDate "2010.10.26"]

1. d4 Nf6 2. Nf3 e6 3. e3 b6 4. Bd3 Bb7 5. O-O Be7 6. c4 O-O 7. Nc3 d5 8. Ne5
c5 9. cxd5 exd5 10. b3 Nbd7 11. Qf3 Bd6 12. Nxd7 Qxd7 13. Bb2 cxd4 14. Ne2 Ne4
15. Nxd4 f5 16. Qe2 a6 17. f4 Rfe8 18. Nf3 Nc5 19. Ne5 Qe6 20. Bc2 a5 21. Rfd1
Rac8 22. Rac1 Rc7 23. Bb1 Rec8 24. Qd2 Be7 25. Bd4 Bf6 26. Rc3 g6 27. Rdc1 Be7
28. Qd1 h5 29. Bd3 Bd6 30. Be2 Rh7 31. Bf3 Rf8 32. h4 Be7 33. g3 Bd6 34. R1c2
Re7 35. Qe2 Rfe8 36. Qb5 Bxe5 37. Bxe5 Ba6 38. Qxa6 Nxa6 39. Rc6 Qf7 40. Rf6
Nb4 41. Rxf7 Kxf7 42. Rd2 Rd7 43. Bd4 Rb8 44. Be5 Rc8 45. Bd4 Ke6 46. Bxb6 Rc2
47. Rxc2 Nxc2 48. Bd1 Rb7 49. Bxa5 Nxe3 50. Be2 Ra7 51. Bb6 Rxa2 52. Bxe3 Rxe2
53. Bc5 Kd7 54. b4 Kc6 55. Kf1 Rb2 0-1

[Event "XX C.to Mondiale Seniores"]
[Site "Arco ITA"]
[Date "2010.10.30"]
[Round "5"]
[White "Nordstrom, Felix"]
[Black "Finnlaugsson, Gunnar"]
[WhiteElo "2184"]
[BlackElo "2072"]
[Result "1/2-1/2"]
[PlyCount "25"]
[EventDate "2010.10.26"]

1. c4 Nf6 2. Nc3 g6 3. d4 c5 4. dxc5 Na6 5. e4 Qa5 6. f3 Qxc5 7. Bd3 d6 8. Nge2
Bd7 9. b3 Bg7 10. Bb2 O-O 11. Qd2 Nb4 12. Rd1 Nxd3+ 13. Qxd3 1/2-1/2

[Event "XX C.to Mondiale Seniores"]
[Site "Arco ITA"]
[Date "2010.10.30"]
[Round "5"]
[White "Pavlov, Mircea Sergiu"]
[Black "Van Den Berg, Adrianus M.J."]
[WhiteElo "2362"]
[BlackElo "2202"]
[Result "1/2-1/2"]
[PlyCount "28"]
[EventDate "2010.10.26"]

1. e4 c5 2. Nf3 d6 3. d4 cxd4 4. Nxd4 Nf6 5. Nc3 Nc6 6. Bg5 Bd7 7. Bxf6 gxf6 8.
Nf5 Bc8 9. Qh5 e6 10. Nh6 Bxh6 11. Qxh6 a6 12. f4 Ke7 13. O-O-O Qg8 14. Rd2 b5
1/2-1/2

[Event "XX C.to Mondiale Seniores"]
[Site "Arco ITA"]
[Date "2010.10.30"]
[Round "5"]
[White "Perich, Stefano"]
[Black "Carlsten, Peter"]
[WhiteElo "1952"]
[BlackElo "2097"]
[Result "0-1"]
[PlyCount "66"]
[EventDate "2010.10.26"]

1. Nf3 f5 2. d4 Nf6 3. g3 e6 4. Bg2 d5 5. e3 Bd6 6. O-O O-O 7. Ne5 Nbd7 8. Nxd7
Bxd7 9. b3 Qe7 10. Bb2 c6 11. f4 b5 12. Nd2 Be8 13. Bf3 b4 14. c4 bxc3 15. Bxc3
c5 16. Be2 Qb7 17. h3 Bb5 18. g4 Rac8 19. Bb2 Bxe2 20. Qxe2 c4 21. Rfc1 cxb3
22. Nxb3 fxg4 23. hxg4 Ne4 24. g5 Ng3 25. Qd2 Qb5 26. Re1 Bb4 27. Qf2 Bxe1 28.
Rxe1 Ne4 29. Qe2 Qa4 30. Ba1 Rc6 31. Rc1 Rxc1+ 32. Nxc1 Rb8 33. Bb2 Qc4 0-1

[Event "XX C.to Mondiale Seniores"]
[Site "Arco ITA"]
[Date "2010.10.30"]
[Round "5"]
[White "Prahov, G."]
[Black "Degtiarev, Viktor"]
[WhiteElo "2267"]
[BlackElo "1867"]
[Result "1/2-1/2"]
[PlyCount "87"]
[EventDate "2010.10.26"]

1. c4 e5 2. b3 Nf6 3. g3 c5 4. Bg2 Nc6 5. Bb2 d6 6. Nf3 Be7 7. O-O O-O 8. d3 h6
9. Nc3 Rb8 10. a3 Bf5 11. Qd2 a6 12. Nh4 Bd7 13. Nf3 Na5 14. Qd1 Qb6 15. Nd2
Qc7 16. b4 cxb4 17. axb4 Nc6 18. b5 axb5 19. Nxb5 Qc8 20. Ba3 Ne8 21. Ne4 Be6
22. Nexd6 Qd7 23. Nxe8 Rfxe8 24. Bxe7 Rxe7 25. Qa4 Bh3 26. Nc3 Bxg2 27. Kxg2
Qd4 28. Rac1 Ree8 29. Qb5 Qg4 30. h3 Qe6 31. Qd5 Qxd5+ 32. Nxd5 e4 33. Rb1 Kf8
34. Rb6 exd3 35. exd3 Red8 36. Rfb1 Ne5 37. R1b3 Rd7 38. h4 Ng6 39. h5 Ne7 40.
Nxe7 Kxe7 41. f4 Kd8 42. Kf3 Kc7 43. g4 Rxd3+ 44. Ke4 1/2-1/2